Read my mind / (Record no. 5729)

MARC details
000 -LEADER
fixed length control field 00700nam a22002417i 4500
003 - CONTROL NUMBER IDENTIFIER
control field URS
005 - DATE AND TIME OF LATEST TRANSACTION
control field 20251001091324.0
008 - FIXED-LENGTH DATA ELEMENTS--GENERAL INFORMATION
fixed length control field 160728s2013 - ||||| |||| 00| 0 eng d
020 ## - INTERNATIONAL STANDARD BOOK NUMBER
International Standard Book Number 9716857672
040 ## - CATALOGING SOURCE
Language of cataloging eng
Description conventions rda
Transcribing agency URS
050 14 - LIBRARY OF CONGRESS CALL NUMBER
Classification number JQ 1410
Item number St111 2013
100 1# - MAIN ENTRY--PERSONAL NAME
Personal name Sta. Maria, Melencio,
Relator term author
245 10 - TITLE STATEMENT
Title Read my mind /
Statement of responsibility, etc. Mel Sta. Maria.
264 #1 - PRODUCTION, PUBLICATION, DISTRIBUTION, MANUFACTURE, AND COPYRIGHT NOTICE
Place of production, publication, distribution, manufacture Quezon City :
Name of producer, publisher, distributor, manufacturer Lorimar Publishing,
Date of production, publication, distribution, manufacture, or copyright notice 2013
300 ## - PHYSICAL DESCRIPTION
Extent xxix, 309 pages :
Other physical details some color illustrations ;
Dimensions 22 cm
336 ## - CONTENT TYPE
Source rdacontent
Content type term text
337 ## - MEDIA TYPE
Source rdamedia
Media type term unmediated
338 ## - CARRIER TYPE
Source rdacarrier
Carrier type term volume
500 ## - GENERAL NOTE
General note Includes index.
526 ## - STUDY PROGRAM INFORMATION NOTE
Program name BSP
651 #0 - SUBJECT ADDED ENTRY--GEOGRAPHIC NAME
Geographic name Philippines
General subdivision Politics and government
942 ## - ADDED ENTRY ELEMENTS (KOHA)
Source of classification or shelving scheme Library of Congress Classification
Koha item type Filipiniana
Holdings
Withdrawn status Source of classification or shelving scheme Damaged status Not for loan Collection code Home library Current library Shelving location Date acquired Source of acquisition Cost, normal purchase price Total Checkouts Full call number Barcode Date last seen Price effective from Koha item type Copy number
  Library of Congress Classification     Non-fiction Pililla College Library Pililla College Library General Stacks 12/13/2016 purchased     340.599 St2r 2013 URSPIL-5273 05/31/2019 12/13/2016 Filipiniana 1
  Library of Congress Classification     Non-fiction Pililla College Library Pililla College Library General Stacks 12/13/2016 purchased     340.599 St2r 2013 URSPIL-5274 05/31/2019 12/13/2016 Filipiniana 2
  Library of Congress Classification     Non-fiction Pililla College Library Pililla College Library General Stacks 12/13/2016 purchased     340.599 St2r 2013 URSPIL-5275 05/31/2019 12/13/2016 Filipiniana 3
  Library of Congress Classification     Non-fiction Pililla College Library Pililla College Library General Stacks 12/13/2016 purchased     340.599 St2r 2013 URSPIL-5276 05/31/2019 12/13/2016 Filipiniana 4
  Library of Congress Classification     Non-fiction Pililla College Library Pililla College Library General Stacks 12/13/2016 purchased     340.599 St2r 2013 URSPIL-5277 05/31/2019 12/13/2016 Filipiniana 5
  Library of Congress Classification     Non-fiction Tanay College Library Tanay College Library Reserve Section 07/28/2016 Purchase 350.00   JQ 1410 St111 2013 URSTAN-N1878 12/06/2018 07/28/2016 Filipiniana  
  Library of Congress Classification     Non-fiction Tanay College Library Tanay College Library New Materials Shelf 07/28/2016 Purchase 350.00   JQ 1410 St111 2013 URSTAN-N1879 03/24/2017 07/28/2016 Filipiniana  

University of Rizal System
Email us at univlibservices@urs.edu.ph

Visit our Website www.urs.edu.ph/library